A nőemancipáció és egyebek Nagy problémák homorú tükrön át

Bibliographic Details
Corporate Author: K. F. Wigand, úč. spol. (Bratislava, Slovensko) (Printer)
Format: Book
Language:Hungarian
PhysicalDescription:55 s. 20 cm
Published: Pozsony Wigand K. F. könyvnyomtató intézetéből 1914
Subjects:

MARC

LEADER 00000nam a2200000 a 4500
001 vtls001565017
003 SK-MaSNL
005 20260302062516.0
008 180810s1914 xo 001 0 hun
040 |a SNK  |b slo  |c SNK  |e AACR2 
041 0 |a hun 
044 |a xo  |c SK 
080 |a 342.7  |2 2001 
080 |a 342.726-055.2  |2 2001 
245 0 0 |a A nőemancipáció és egyebek  |b Nagy problémák homorú tükrön át  |c Tárgyalja: Bonton 
260 |a Pozsony  |b Wigand K. F. könyvnyomtató intézetéből  |c 1914 
300 |a 55 s.  |c 20 cm 
500 |a Obálkový titulný list 
500 |a Tlačové ozdoby, ozdobná linka 
650 0 7 |a rovnoprávnosť (kategória)  |2 SNKPH  |9 1640 
650 0 7 |a práva žien  |2 SNKPH  |9 797 
710 2 |a K. F. Wigand, úč. spol. (Bratislava, Slovensko),  |d 1867-1950  |4 prt  |9 269496 
710 2 |a Bonton  |4 cns  |9 722604 
752 |a Slovensko  |d Bratislava 
852 |a snk  |b Rezervačný fond  |p SD 11154 D1 
852 |a Slovenská národná knižnica v Martine  |b 10000  |h SD 11154 
958 |a ONDV 
999 |c 1129549  |d 1131479 
952 |a SNK  |b SNK  |y PREZ  |7 0  |p 17A0466761  |o snkSD 11154  |i snk1400/56  |3 rekatalogizácia  |0 0  |1 0  |4 0  |d 2005-05-09  |l 0  |r 2025-11-25 00:00:00  |w 2026-02-24 
952 |a SNK  |b SNK  |y VYP  |7 0  |p 17A1152379  |o snkSD 11154 D1  |i snkKSF 2827/57  |8 5  |0 0  |1 0  |4 0  |d 2017-07-18  |l 0  |r 2026-02-24 18:57:55  |w 2026-02-24 
952 |a SNK  |b SNK  |y VYP  |7 0  |p 17A1152371  |o snkSD 11154 D2  |i snkK 253/85  |8 3  |0 0  |1 0  |4 0  |d 2017-07-18  |l 0  |r 2026-02-24 18:57:55  |w 2026-02-24